Didáctica de la literatura / (Record no. 43189)

MARC details
000 -LEADER
campo de control de longitud fija 00550nam a2200193 i 4500
001 - NÚMERO DE CONTROL
campo de control 43189
003 - IDENTIFICADOR DE NÚMERO DE CONTROL
campo de control ES-MaACL
005 - FECHA Y HORA DE LA ÚLTIMA TRANSACCIÓN
campo de control 20250904061854.0
007 - CAMPO FIJO DE DESCRIPCIÓN FÍSICA--INFORMACIÓN GENERAL
campo de control de longitud fija t|
008 - DATOS DE LONGITUD FIJA--INFORMACIÓN GENERAL
campo de control de longitud fija 030317s1972 sp ||||1| spa d
080 ## - NÚMERO DE LA CLASIFICACIÓN DECIMAL UNIVERSAL
Número de la Clasificación Decimal Universal 82:37.02
100 1# - ENTRADA PRINCIPAL--NOMBRE DE PERSONA
Nombre de persona Castro Alonso, Carlos A.
9 (RLIN) 36903
245 10 - MENCIÓN DEL TÍTULO
Título Didáctica de la literatura /
Mención de responsabilidad, etc. Carlos A. Castro Alonso.
260 ## - PUBLICACIÓN, DISTRIBUCIÓN, ETC.
Lugar de publicación, distribución, etc. [Salamanca] :
Nombre del editor, distribuidor, etc. Anaya,
Fecha de publicación, distribución, etc. [1972]
300 ## - DESCRIPCIÓN FÍSICA
Extensión 782 p. :
Otras características físicas il. ;
Dimensiones 24 cm.
650 04 - PUNTO DE ACCESO ADICIONAL DE MATERIA--TÉRMINO DE MATERIA
Término de materia o nombre geográfico como elemento de entrada Literatura-
Subdivisión general Didáctica.
9 (RLIN) 14485
852 ## - LOCALIZACIÓN
Ubicación ES-MaACL
Número de control de estantería C-42605
Sublocalización o colección R.81843
Holdings
Estatus retirado Estado de pérdida Estado de daño No para préstamo Biblioteca de origen Biblioteca actual Ubicación en estantería Fecha de adquisición Fuente de adquisición Total de préstamos Signatura topográfica completa Código de barras Visto por última vez Precio de reemplazo Tipo de ítem Koha
        Biblioteca del Ateneo de Madrid Biblioteca del Ateneo de Madrid Depósito 2 17/01/2008     C-42605 1045461 23/02/2023 23/02/2023 Libro impreso